000
00347nam a2200181Ia 4500
100
_a
Cay/Horstmann
650
_a
Java
250
_a
2
942
_c
RB
366
_f
15
654
_a
JAVA
245
_a
Big JAVA
260
_b
Wiley India
_a
Mumbai
_c
2000
082
_a
005.133J/CAY
_b
CAY
300
_a
762
546
_a
ENGLISH
999
_c
23456
_d
23456